000 00476nam a2200181Ia 4500
008 090124s9999 xx 000 0 und d
082 _b34673
100 _aपाध्ये भाऊ
245 _a राडा
250 _a2
260 _bअक्षर प्रकाशन
_c1997
300 _a127
600 _aपाध्ये भाऊ
630 _a राडा
700 _aपाध्ये भाऊ
730 _a राडा
942 _cBOOK
999 _c100605
_d100605